| 000 | 00456nam a2200181Ia 4500 | ||
|---|---|---|---|
| 005 | 20250423094505.0 | ||
| 008 | 250422s9999 xx 000 0 und d | ||
| 020 | _a9781613993071 | ||
| 050 | _aTN 871 .S65/ | ||
| 100 | _aSpivey, John P. | ||
| 245 | 0 | _aApplied well test interpretation | |
| 260 | _aTexas | ||
| 260 | _bSociety of Petroleum Engineers | ||
| 260 | _c2013 | ||
| 300 | _a374 p | ||
| 650 | _aOil well drilling--Mathematics. | ||
| 942 | _cBK | ||
| 999 |
_c27394 _d27394 |
||